Word Ladder: Soccer Snafu Quiz Stats

 Plays Quiz Updated Jun 26, 2019

Score 0/14 Timer 01:30
0 Plays Today
Hint 4-Letter Word % Correct
DifficultHARD
98.7%
Group of elephantsHERD
96.2%
Smart person, stereotypicallyNERD
94.6%
Lacking hairBALD
92.6%
Thing on the face of a clockHAND
92.2%
'Gun' brand for childrenNERF
91.8%
Part of a shoeSOLE
91.1%
Hint 4-Letter Word % Correct
Already purchasedSOLD
89.6%
Inclined or willing to take risksBOLD
88.4%
How one feels after exerciseSORE
83.7%
Agricultural laborer in the middle agesSERF
82.5%
Line of foam formed by wavesSURF
81.2%
ConfidentSURE
80.9%
Lucille of 'I Love Lucy'BALL
79.5%

Today's Daily Dose

You're not logged in!

Compare scores with friends on all Sporcle quizzes.
OR
Log In

Sporcle TV

Today on Sporcle TV


Watch our educational content, quiz creation guides, and fun videos on Sporcle TV.

Show Comments

Extras

Top Quizzes Today


Score Distribution

Your Account Isn't Verified!

In order to create a playlist on Sporcle, you need to verify the email address you used during registration. Go to your Sporcle Settings to finish the process.

Report this User

Report this user for behavior that violates our Community Guidelines.

Details: